ANGOLA Processos Politicos da Luta Pela Independencia (Record no. 2161)

MARC details
000 -Etiqueta do registo
Campo de controlo de comprimento fixo 00373 a2200145 4500
020 ## - ISBN (NÚMERO DE LIVRO PADRÃO INTERNACIONAL)
ISBN N/S
040 ## - Fonte de Catalogação
Agência de catalogação Biblioteca Geral- Universidade Lusíada de Angola
082 ## - DEWEY DECIMAL CLASSIFICATION NUMBER
Número de classificação 9(1)
Classificador- CDU 32
100 ## - Nome Pessoal
9 (RLIN) 985
Autor MEDINA ,Maria Do Carmo
245 ## - Declaração de Título
Título ANGOLA Processos Politicos da Luta Pela Independencia
260 ## - Publicação e Destribuíção
Local de edição/distribuição Luanda,
Editor/distribuidor Faculdade de Direito Agostinho Neto
Data de edição/distribuição 2003.
300 ## - Descrição Física
Nº Pág. 388p
650 ## - MATERIA
MATERIA Politica
942 ## - - Elementos de entrada adicionados (koha)
Tipo de documento Livros
Holdings
Withdrawn status Lost status Source of classification or shelving scheme Damaged status Not for loan Permanent Location Current Location Date acquired Inventory number Total Checkouts Full call number Barcode Date last seen Price effective from Koha item type
    Dewey Decimal Classification     Biblioteca Geral- Universidade Lusíada de Angola Biblioteca Geral- Universidade Lusíada de Angola 02/02/2026 9 (1)   32 2026-0041 02/02/2026 02/02/2026 Livros